00404nam a2200121Ia 45000010005000000080041000050820030000461000012000762450128000882600024002169010027002409990015002674223241024s9999 xx 000 0 und d aRD/324/IN35i/PUERTO PLATA aUNAICON 0aInvestigación. Evaluación de los candidatos a senador y diputados por la circunscripción en la provincia Puerto Plata bSanto Domingoc2016 a22/8/2016 3:09:26 p.m. c9771d9771